[Event "29th ECC Women 2025"]
[Site "Rhodes GRE"]
[Date "2025.10.24"]
[Round "6.9"]
[White "Tetenkina, Irina"]
[Black "Drakaki, Anna-Maria"]
[Result "1-0"]
[WhiteTitle "WIM"]
[WhiteElo "2092"]
[BlackElo "1929"]
[WhiteTeam "Wasa SK"]
[BlackTeam "Aris Thessalonikis"]
[WhiteFideId "13500996"]
[BlackFideId "4225210"]
[EventDate "2025.10.19"]

1. Nf3 Nf6 2. g3 b5 3. Bg2 Bb7 4. Na3 a6 5. c4 b4 6. Nc2 c5 7. O-O e6 8. d4 cxd4
9. Ncxd4 Be7 10. b3 O-O 11. Bb2 Qb6 12. Ne5 Bxg2 13. Kxg2 Qb7+ 14. Kg1 Qe4 15.
Ndf3 d6 16. Nd3 Nc6 17. Qe1 d5 18. Nd2 Qf5 19. cxd5 exd5 20. Nf3 Ng4 21. Rc1
Rac8 22. h3 Nf6 23. Kg2 Ne4 24. Rxc6 Rxc6 25. Nd4 Qd7 26. Nxc6 Qxc6 27. Nxb4 Qe6
28. Nd3 Bd6 29. Qc1 Rc8 30. Qe3 Rc2 31. Rc1 Rxc1 32. Qxc1 h5 33. Nf4 Qf5 34. Qe3
Bc5 35. Qf3 g6 36. Nd3 Qc8 37. Nxc5 Qxc5 38. Qf4 f6 39. Bxf6 Nxf6 40. Qxf6 Kh7
41. Qxa6 Qb4 42. Qa7+ Kh6 43. Qe3+ Kh7 44. a4 d4 45. Qf3 Qc5 46. Qf7+ Kh6 47.
Qc4 Qe5 48. b4 Qe4+ 49. Kh2 h4 50. Qd3 hxg3+ 51. fxg3 Qe7 52. b5 Qb4 53. Qc2 Qe1
54. Kg2 Qc3 55. Qe4 Qb4 56. Qf4+ Kg7 57. Qc7+ Kh6 58. b6 d3 59. Qe5 Qxa4 60.
Qh8+ Kg5 61. Qh4+ 1-0

[Event "29th ECC Women 2025"]
[Site "Rhodes GRE"]
[Date "2025.10.24"]
[Round "6.10"]
[White "Amiridou, Dimitra"]
[Black "Johansson, Viktoria"]
[Result "1-0"]
[BlackTitle "WIM"]
[WhiteElo "1954"]
[BlackElo "2033"]
[WhiteTeam "Aris Thessalonikis"]
[BlackTeam "Wasa SK"]
[WhiteFideId "4218230"]
[BlackFideId "1701940"]
[EventDate "2025.10.19"]

1. e4 c5 2. Nf3 Nc6 3. d4 cxd4 4. Nxd4 e5 5. Nb5 d6 6. N1c3 a6 7. Na3 b5 8. Nd5
Nge7 9. Bg5 f6 10. Be3 Rb8 11. c3 Nxd5 12. exd5 Ne7 13. Nc2 Nf5 14. Bd3 Nxe3 15.
Nxe3 g6 16. g4 Qe7 17. Qc2 Bh6 18. h4 e4 19. Be2 f5 20. g5 Bg7 21. Ng2 Qe5 22.
Qd2 b4 23. Rc1 bxc3 24. bxc3 Bb7 25. Nf4 Kf7 26. h5 Rbc8 27. h6 Bf8 28. c4 Be7
29. Ne6 f4 30. Rb1 e3 31. fxe3 Qe4 32. Kf2 Bxd5 33. cxd5 Rc2 34. Qd4 fxe3+ 35.
Qxe3 Qxd5 36. Rhf1 Rhc8 37. Kg1+ Kg8 38. Bf3 Qe5 39. Qxe5 dxe5 40. Bd5 Rd2 41.
Rbd1 Rb2 42. Nd8+ Kh8 43. Nf7+ 1-0

[Event "29th ECC Women 2025"]
[Site "Rhodes GRE"]
[Date "2025.10.24"]
[Round "6.10"]
[White "Dzagnidze, Nana"]
[Black "Malikova, Marjona"]
[Result "1-0"]
[WhiteTitle "GM"]
[BlackTitle "WIM"]
[WhiteElo "2496"]
[BlackElo "2042"]
[WhiteTeam "Tajfun SK Ljubljana"]
[BlackTeam "SK Zmaj"]
[WhiteFideId "13601903"]
[BlackFideId "14212463"]
[EventDate "2025.10.19"]

1. Nf3 Nf6 2. c4 c5 3. g3 d5 4. cxd5 Nxd5 5. Bg2 Nc6 6. d4 Nc7 7. Qa4 b5 8. Qc2
Nb4 9. Qxc5 e6 10. Qc3 Ncd5 11. Qb3 a5 12. O-O Qc7 13. e4 Nc2 14. exd5 Nxa1 15.
Qxb5+ Bd7 16. Qe2 Qc2 17. Bd2 Rb8 18. dxe6 fxe6 19. Nc3 Rxb2 20. Qe5 Be7 21.
Qxg7 Rf8 22. Rxa1 Rf7 23. Qg8+ Rf8 24. Qg4 Bb4 25. Rc1 Qd3 26. Qh5+ Qg6 27.
Qxg6+ hxg6 28. Bh6 Rh8 29. Bg5 Bxc3 30. Rxc3 Rxa2 31. h4 Rf8 32. Rb3 Bc8 33. Bf4
a4 34. Rb8 Kf7 35. Bd6 Rd8 36. Ne5+ Kg7 37. Be7 Re8 38. Bc5 a3 39. Ra8 Ra1+ 40.
Kh2 a2 41. Ra7+ Kg8 42. Ng4 1-0

[Event "29th ECC Women 2025"]
[Site "Rhodes GRE"]
[Date "2025.10.24"]
[Round "6.11"]
[White "Salimova, Asal"]
[Black "Badelka, Olga"]
[Result "0-1"]
[WhiteTitle "WCM"]
[BlackTitle "IM"]
[WhiteElo "2123"]
[BlackElo "2377"]
[WhiteTeam "SK Zmaj"]
[BlackTeam "Tajfun SK Ljubljana"]
[WhiteFideId "14204940"]
[BlackFideId "13509926"]
[EventDate "2025.10.19"]

1. d4 d5 2. c4 e6 3. Nc3 Nf6 4. cxd5 exd5 5. Bg5 Be7 6. e3 O-O 7. Bd3 h6 8. Bh4
c6 9. Nge2 Ne8 10. Bxe7 Qxe7 11. O-O Nd6 12. Qc2 Nd7 13. Ng3 Nf6 14. Rae1 h5 15.
e4 dxe4 16. Ngxe4 Ndxe4 17. Nxe4 Nxe4 18. Rxe4 Qd6 19. Re5 g6 20. Rfe1 Bd7 21.
h3 Rae8 22. Bc4 Kg7 23. Qc3 f6 24. R5e3 Rxe3 25. Rxe3 Re8 26. a3 Rxe3 27. Qxe3
g5 28. Be2 h4 29. Bc4 Kf8 30. Ba2 b6 31. Bc4 Qe7 32. Qd2 Ke8 33. Be2 Kd8 34. Bf3
Kc7 35. Qc3 Qd6 36. Qe3 a5 37. Kf1 Qh2 38. Ke2 Qd6 39. Kd2 f5 40. Be2 g4 41. Bf1
c5 42. Kc3 f4 43. dxc5 bxc5 44. Qd2 g3 45. f3 Qxd2+ 46. Kxd2 Kd6 47. Kc3 Kd5 48.
Bc4+ Ke5 49. Bf1 Bc8 50. b3 Be6 51. b4 cxb4+ 52. axb4 axb4+ 53. Kd2 Kd4 0-1

[Event "29th ECC Women 2025"]
[Site "Rhodes GRE"]
[Date "2025.10.24"]
[Round "6.11"]
[White "Isurina Mariano, Cristine Rose"]
[Black "Tsekoura, Vaia"]
[Result "0-1"]
[WhiteTitle "WIM"]
[WhiteElo "1990"]
[BlackElo "1872"]
[WhiteTeam "Wasa SK"]
[BlackTeam "Aris Thessalonikis"]
[WhiteFideId "5201071"]
[BlackFideId "25828070"]
[EventDate "2025.10.19"]

1. c4 e5 2. Nc3 d6 3. e4 Be7 4. g3 Nf6 5. Bg2 Nc6 6. Nge2 Be6 7. d3 O-O 8. O-O
Qd7 9. f4 Bh3 10. f5 Bxg2 11. Kxg2 Nd4 12. Nxd4 exd4 13. Ne2 c5 14. h3 b5 15. b3
bxc4 16. bxc4 Rab8 17. g4 h6 18. Ng3 Nh7 19. Bd2 Rb2 20. Rf2 Rfb8 21. Ne2 Bh4
22. Rf1 Qe7 23. Bc1 R2b7 24. Nf4 Nf6 25. Qf3 Qd8 26. Kh1 Nd7 27. a4 Ne5 28. Qe2
Rb3 29. Rd1 Bg5 30. a5 Bxf4 31. Bxf4 Rb2 32. Qe1 R8b3 33. Bxe5 dxe5 34. a6 Qg5
35. Rdb1 Qf4 36. Rxb2 Rxb2 0-1

[Event "29th ECC Women 2025"]
[Site "Rhodes GRE"]
[Date "2025.10.24"]
[Round "6.12"]
[White "Vantika, Agrawal"]
[Black "Agarwal, Amaya"]
[Result "1-0"]
[WhiteTitle "IM"]
[BlackTitle "WCM"]
[WhiteElo "2377"]
[BlackElo "1818"]
[WhiteTeam "Tajfun SK Ljubljana"]
[BlackTeam "SK Zmaj"]
[WhiteFideId "25050389"]
[BlackFideId "48733580"]
[EventDate "2025.10.19"]

1. Nf3 d5 2. e3 Nf6 3. c4 e6 4. Nc3 Be7 5. b3 O-O 6. Bb2 c5 7. cxd5 exd5 8. d4
Bg4 9. Be2 Nc6 10. dxc5 Bxc5 11. O-O Re8 12. h3 Bh5 13. Rc1 Bb6 14. Na4 Ne4 15.
Nxb6 axb6 16. a4 Qd6 17. Nd4 Bg6 18. Bb5 Rac8 19. Re1 f5 20. Nxc6 bxc6 21. Qd4
Nf6 22. Qxb6 Nd7 23. Qd4 Nf6 24. Bd3 Rb8 25. Qc3 Rec8 26. Red1 Qe7 27. Bc2 Ne4
28. Qe5 Qf7 29. Bxe4 dxe4 30. Rxc6 Re8 31. Qd4 Rxb3 32. a5 h6 33. a6 Rbb8 34.
Rd6 Bh5 35. Rd7 Re7 36. Rxe7 Qxe7 37. a7 Re8 38. Ra1 Qb7 39. a8=Q Rxa8 40. Rxa8+
Kh7 41. Ra7 1-0

[Event "29th ECC Women 2025"]
[Site "Rhodes GRE"]
[Date "2025.10.24"]
[Round "6.12"]
[White "Mitraka, Chrysoula-Paraskevi"]
[Black "Borisova, Borislava"]
[Result "1/2-1/2"]
[BlackTitle "WIM"]
[WhiteElo "1792"]
[BlackElo "1920"]
[WhiteTeam "Aris Thessalonikis"]
[BlackTeam "Wasa SK"]
[WhiteFideId "2409968"]
[BlackFideId "1701657"]
[EventDate "2025.10.19"]

1. d4 Nf6 2. c4 e6 3. Nc3 Bb4 4. Qc2 O-O 5. a3 Bxc3+ 6. Qxc3 b6 7. Nf3 Bb7 8. e3
Ne4 9. Qc2 f5 10. Be2 d6 11. O-O Nd7 12. Ne1 Ndf6 13. f3 Ng5 14. b4 c5 15. dxc5
dxc5 16. Bb2 Qe7 17. Nd3 Nf7 18. b5 e5 19. Nf2 Nd6 20. Rfd1 Rae8 21. Rd2 Qe6 22.
Rad1 Nf7 23. Qc3 Re7 24. a4 Ne8 25. a5 Bc8 26. a6 Qg6 27. f4 e4 28. Nh1 Be6 29.
Ng3 Nf6 30. Kf2 Nh6 31. h3 Qf7 32. Kg1 Qg6 33. Kh2 Nf7 34. Nh1 Rd7 35. Rxd7 Nxd7
36. Nf2 Nf6 37. Nh1 Qh6 38. Kg1 Qg6 39. Kf2 Qh6 40. Kg1 Qg6 41. g3 h5 42. Kh2
Kh7 43. Nf2 Rg8 44. h4 Kh6 45. Nh3 Ng4+ 46. Kg2 Qf6 47. Qxf6+ gxf6 48. Bc1 1/2-1/2

[Event "29th ECC Women 2025"]
[Site "Rhodes GRE"]
[Date "2025.10.24"]
[Round "6.13"]
[White "Ushenina, Anna"]
[Black "Sivanandan, Bodhana"]
[Result "1-0"]
[WhiteTitle "GM"]
[BlackTitle "WFM"]
[WhiteElo "2407"]
[BlackElo "2205"]
[WhiteTeam "CE Gambit Bonnevoie"]
[BlackTeam "She plays to win Lionesses #1"]
[WhiteFideId "14110911"]
[BlackFideId "497592"]
[EventDate "2025.10.19"]

1. Nf3 d5 2. g3 g6 3. c4 c6 4. Qa4 dxc4 5. Qxc4 Bg7 6. Bg2 e6 7. d4 Ne7 8. O-O
O-O 9. Nc3 b6 10. Rd1 Bb7 11. e4 Nd7 12. Bf4 Rc8 13. Rac1 b5 14. Qe2 a6 15. Nb1
Qb6 16. Bd6 Rfe8 17. b4 Nf6 18. Nbd2 Rcd8 19. Be5 a5 20. a3 Nd7 21. Bxg7 Kxg7
22. Nb3 axb4 23. axb4 Ra8 24. Na5 Rad8 25. Qb2 Kg8 26. Nd2 e5 27. dxe5 Nf8 28.
Ndb3 Ne6 29. h3 Rxd1+ 30. Rxd1 Ba8 31. Qc3 Rd8 32. Rc1 Nd4 33. Qe3 Nc8 34. Nc5
Ne6 35. Nab3 Ne7 36. Ra1 Nxc5 37. Nxc5 Re8 38. Qg5 Qc7 39. Qf6 Rf8 40. e6 Qd8
41. Ra7 fxe6 42. Qxe7 Qxe7 43. Rxe7 1-0

[Event "29th ECC Women 2025"]
[Site "Rhodes GRE"]
[Date "2025.10.24"]
[Round "6.14"]
[White "Subramanian, Anusha"]
[Black "Danielian, Elina"]
[Result "0-1"]
[WhiteTitle "WFM"]
[BlackTitle "GM"]
[WhiteElo "2056"]
[BlackElo "2410"]
[WhiteTeam "She plays to win Lionesses #1"]
[BlackTeam "CE Gambit Bonnevoie"]
[WhiteFideId "477710"]
[BlackFideId "13300210"]
[EventDate "2025.10.19"]

1. e4 d6 2. d4 g6 3. Nc3 Bg7 4. f4 Nf6 5. Nf3 O-O 6. Be2 c5 7. d5 Na6 8. O-O Nc7
9. a4 a6 10. Bc4 Rb8 11. a5 Bd7 12. e5 Ng4 13. h3 Nh6 14. Qe2 Bb5 15. Rd1 Bxc4
16. Qxc4 b5 17. axb6 Rxb6 18. Qd3 Qd7 19. b3 Rb4 20. Na2 Rb7 21. Bb2 Qf5 22. Qd2
Rd8 23. exd6 Bxb2 24. dxc7 Rxc7 25. Rab1 Bg7 26. c4 Rb7 27. Qa5 Rdb8 28. Qxc5
Qxf4 29. d6 exd6 30. Qxd6 Qe3+ 31. Kh1 Nf5 32. Qd2 Qc5 33. Nc3 Bh6 34. Qd5 Qe3
35. Rd3 Qf4 36. Ne2 Qc7 37. c5 Rb5 38. b4 a5 39. Nc3 Ng3+ 40. Kg1 Rxb4 41. Re1
Rc8 42. Ne5 Nh5 43. Qd6 Qxc5+ 44. Qxc5 Rxc5 45. Nd7 Rcc4 46. Nd5 Rb2 47. N5f6+
Nxf6 48. Nxf6+ Kg7 49. Ne8+ Kf8 50. Rd8 Bg5 51. Nd6+ Bxd8 52. Re8+ Kg7 53. Nxc4
Rb8 54. Kf1 a4 55. Re2 Rb1+ 56. Kf2 Bf6 57. Ra2 Ra1 58. Rxa1 Bxa1 59. Ke3 Kf6
60. Kd3 Ke6 61. Kc2 Bd4 62. Kd3 Kd5 63. g4 f6 64. h4 h5 65. gxh5 gxh5 66. Na3
Bc5 67. Nb5 a3 68. Nc3+ Ke5 69. Ke2 Bd4 70. Na2 Kf4 71. Kd3 Bb2 72. Nb4 Kg4 73.
Kc2 Kxh4 74. Nd5 Kg3 0-1

[Event "29th ECC Women 2025"]
[Site "Rhodes GRE"]
[Date "2025.10.24"]
[Round "6.15"]
[White "Kulon, Klaudia"]
[Black "Weersing, Abigail Riis"]
[Result "1-0"]
[WhiteTitle "IM"]
[BlackTitle "WFM"]
[WhiteElo "2336"]
[BlackElo "2032"]
[WhiteTeam "CE Gambit Bonnevoie"]
[BlackTeam "She plays to win Lionesses #1"]
[WhiteFideId "1131044"]
[BlackFideId "460036"]
[EventDate "2025.10.19"]

1. c4 e6 2. Nc3 Nf6 3. e4 d5 4. cxd5 exd5 5. e5 d4 6. exf6 dxc3 7. Bb5+ c6 8.
Qe2+ Be6 9. Bc4 cxd2+ 10. Bxd2 Qxf6 11. Nf3 Be7 12. O-O-O Bxc4 13. Qxc4 Qe6 14.
Qf4 O-O 15. Bc3 f6 16. Rhe1 Qf7 17. Qe3 Bd8 18. Nd4 Bb6 19. Qe7 Na6 20. Nf5 Nc5
21. g4 a5 22. g5 fxg5 23. Qxg5 Qc7 24. Ne7+ 1-0

[Event "29th ECC Women 2025"]
[Site "Rhodes GRE"]
[Date "2025.10.24"]
[Round "6.16"]
[White "Ashton, Alannah"]
[Black "Jarocka, Liwia"]
[Result "0-1"]
[WhiteTitle "WCM"]
[BlackTitle "FM"]
[WhiteElo "1928"]
[BlackElo "2243"]
[WhiteTeam "She plays to win Lionesses #1"]
[BlackTeam "CE Gambit Bonnevoie"]
[WhiteFideId "480681"]
[BlackFideId "21807558"]
[EventDate "2025.10.19"]

1. e4 g6 2. d4 Bg7 3. Nc3 c6 4. f3 d5 5. Be3 dxe4 6. fxe4 Nf6 7. Nf3 O-O 8. Qd2
b5 9. e5 b4 10. Na4 Nd5 11. Bh6 f6 12. h4 Qe8 13. Bd3 Qf7 14. Rf1 Na6 15. O-O-O
Nb6 16. Nxb6 axb6 17. Bxg7 Kxg7 18. b3 Nc7 19. Bc4 Nd5 20. Ng5 Qg8 21. exf6+
exf6 22. Ne4 Rxa2 23. h5 Bf5 24. h6+ Kh8 25. Nd6 Rxc2+ 26. Qxc2 Bxc2 27. Kxc2 b5
28. Rde1 bxc4 29. bxc4 Rd8 30. Ne4 Nb6 31. d5 b3+ 32. Kxb3 cxd5 33. Nxf6 dxc4+
34. Kc2 Qf8 35. Ne8 Qb4 0-1

[Event "29th ECC Women 2025"]
[Site "Rhodes GRE"]
[Date "2025.10.25"]
[Round "7.1"]
[White "Muzychuk, Anna"]
[Black "Goryachkina, Aleksandra"]
[Result "1/2-1/2"]
[WhiteTitle "GM"]
[BlackTitle "GM"]
[WhiteElo "2525"]
[BlackElo "2541"]
[WhiteTeam "Turkish Airlines sports club"]
[BlackTeam "Cercle d'échecs de Monte-Carlo"]
[WhiteFideId "14111330"]
[BlackFideId "4147103"]
[EventDate "2025.10.19"]

1. e4 e5 2. Nf3 Nc6 3. Bc4 Nf6 4. Ng5 d5 5. exd5 Na5 6. Bb5+ c6 7. dxc6 bxc6 8.
Bd3 Nd5 9. Nf3 Bd6 10. Nc3 O-O 11. Be2 Re8 12. d3 Qc7 13. Bd2 f5 14. O-O Nf6 15.
h3 Bd7 16. Bg5 Nd5 17. Nxd5 cxd5 18. d4 e4 19. Ne5 Bxe5 20. dxe5 Be6 21. Qd2
Rac8 22. Rac1 Nc4 23. Bxc4 dxc4 24. Qc3 h6 25. Be3 Qf7 26. f4 exf3 27. Rxf3 Red8
28. Rcf1 Kh7 29. R3f2 Qb7 30. Kh2 Rd5 31. Rd2 Rxd2 32. Bxd2 Rc6 33. Qf3 Qb5 34.
Bc3 Rc5 35. Qa8 Qd7 36. Qf3 a6 37. Qe3 Rc6 38. Bb4 Rc8 39. Bd6 Qb7 40. Qd4 Qc6
41. Rf3 Rd8 42. Ra3 Rd7 43. Rc3 Qb5 44. b3 cxb3 45. axb3 Qe2 46. Rc6 Qf1 47. b4
g5 48. Qd3 Qf4+ 49. Qg3 Qd2 50. Qf3 Rf7 51. Qd3 Qf4+ 52. Qg3 Qd2 53. Bc5 Qd5 54.
Rxa6 Qc4 55. Rd6 Rg7 56. c3 Rg8 57. Rd4 Qe2 58. Rd6 Qc4 59. Qd3 Qf4+ 60. g3 Qxe5
61. Qe3 Qxe3 62. Bxe3 Re8 63. Kg2 Bc4 64. Kf2 Ra8 65. h4 Ra2+ 66. Bd2 Kg7 67.
Kf3 Rc2 68. Rd4 Bf1 69. Kf2 Bb5 70. Ke3 Bf1 71. Rd6 Bc4 72. Kf3 Bf1 73. Kf2 Bc4
74. Kf3 Kf7 75. Kf2 Ke7 76. Rd4 Bb5 77. Ke1 Ke6 78. Rd8 f4 79. gxf4 gxh4 80. Kf2
Bd7 81. Ke3 h3 82. Rh8 Kd5 83. Rxh6 Ra2 84. Rh5+ Kc4 85. f5 Ra6 86. Rxh3 Bxf5
87. Rh4+ Kb3 88. Rd4 Re6+ 89. Kf4 Bh3 90. b5 Bf1 91. Rb4+ Kc2 92. b6 Ba6 93. Be3
Kxc3 94. b7 Bxb7 95. Rxb7 Kc4 96. Rd7 Re8 97. Bd4 Re1 98. Be3 Rh1 99. Ke4 Rh4+
100. Bf4 Kc5 101. Rc7+ Kb5 102. Rc1 Kb4 103. Ke5 Kb3 104. Be3 Rc4 105. Rh1 Rg4
106. Bd4 Rg8 107. Ke4 Rg3 108. Rb1+ Kc4 109. Rc1+ Kb3 110. Kd5 Rg5+ 111. Be5 Rh5
112. Rc3+ Kb4 113. Rf3 Rg5 114. Rf2 Rh5 115. Rb2+ Ka3 116. Rb8 Ka4 117. Rb1 Ka5
118. Rb2 Rg5 119. Kd4 Ka6 120. Bd6 Rb5 121. Rh2 Rg5 122. Bc5 Kb7 123. Rh6 Kc7
124. Bd6+ Kd7 125. Be5 Rg1 126. Kd5 Rd1+ 127. Bd4 Rd2 128. Rh7+ Kd8 129. Ke5 Kc8
130. Bc5 Rd7 131. Be7 Kb7 132. Ke6 Rc7 133. Rh4 Rc2 134. Kd7 Rc7+ 135. Kd6 Rc6+
136. Kd5 Rg6 137. Rh7 Ra6 138. Bc5+ Kc8 139. Bd6 Rb6 140. Ke6 Rc6 141. Rh8+ Kb7
142. Rb8+ Ka6 143. Rb3 Rb6 144. Ra3+ Kb7 145. Kd7 Rb5 146. Rc3 Rb6 147. Rc4 Rb5
148. Bc5 Rb1 149. Bd4 Rb3 1/2-1/2

[Event "29th ECC Women 2025"]
[Site "Rhodes GRE"]
[Date "2025.10.25"]
[Round "7.2"]
[White "Kosteniuk, Alexandra"]
[Black "Muzychuk, Mariya"]
[Result "1/2-1/2"]
[WhiteTitle "GM"]
[BlackTitle "GM"]
[WhiteElo "2469"]
[BlackElo "2485"]
[WhiteTeam "Cercle d'échecs de Monte-Carlo"]
[BlackTeam "Turkish Airlines sports club"]
[WhiteFideId "4128125"]
[BlackFideId "14114550"]
[EventDate "2025.10.19"]

1. e4 e5 2. Nf3 Nc6 3. Bc4 Nf6 4. d3 Bc5 5. Nc3 h6 6. Be3 Bxe3 7. fxe3 d6 8. a4
a5 9. Rf1 Nb4 10. Qe2 c6 11. h3 Qe7 12. O-O-O O-O 13. g4 d5 14. Bb3 dxe4 15.
dxe4 Be6 16. g5 hxg5 17. Bxe6 Qxe6 18. Nxg5 Na2+ 19. Nxa2 Qxa2 20. Rd3 Qa1+ 21.
Kd2 Qxb2 22. Rxf6 gxf6 23. Qh5 fxg5 24. Qxg5+ Kh7 25. Qh5+ Kg7 26. Qg5+ Kh7 27.
Qh5+ Kg7 28. Qg5+ Kh7 29. Qh5+ Kg7 30. Qg5+ Kh7 1/2-1/2

[Event "29th ECC Women 2025"]
[Site "Rhodes GRE"]
[Date "2025.10.25"]
[Round "7.3"]
[White "Tsolakidou, Stavroula"]
[Black "Kashlinskaya, Alina"]
[Result "1/2-1/2"]
[WhiteTitle "IM"]
[BlackTitle "IM"]
[WhiteElo "2453"]
[BlackElo "2450"]
[WhiteTeam "Turkish Airlines sports club"]
[BlackTeam "Cercle d'échecs de Monte-Carlo"]
[WhiteFideId "4264312"]
[BlackFideId "4198026"]
[EventDate "2025.10.19"]

1. e4 e5 2. Nf3 Nc6 3. Bb5 a6 4. Ba4 Nf6 5. O-O Be7 6. d3 b5 7. Bb3 d6 8. a3 O-O
9. Nc3 Rb8 10. Be3 Na5 11. Ba2 c5 12. Nd5 Nc6 13. h3 Nxd5 14. Bxd5 Nd4 15. b4
Nxf3+ 16. Qxf3 Bb7 17. bxc5 dxc5 18. a4 Bxd5 19. exd5 b4 20. Qe4 Qd7 21. Qc4 a5
22. f4 Rbd8 23. Qb5 exf4 24. Bxf4 Bf6 25. Rae1 Qxd5 26. Qxa5 Qa2 27. Be5 Bxe5
28. Rxe5 Qxc2 29. Rxc5 Qxd3 30. Qxb4 Rd4 31. Qb5 Qe3+ 32. Kh1 Rxa4 33. Rcf5 Ra7
34. Qd5 Re7 35. R5f3 Qe2 36. R3f2 Qe6 37. Qxe6 Rxe6 38. Rd2 g6 39. Rd7 Kg7 40.
h4 Re4 41. g3 Re2 42. Kg1 h6 43. Rf2 Re6 44. Kg2 g5 45. h5 Rf6 46. Rxf6 Kxf6 47.
Rd6+ Kg7 48. g4 Ra8 49. Rb6 Ra4 50. Kg3 Rf4 51. Rb7 Rf6 52. Ra7 Rd6 53. Rb7 Kf6
54. Kf3 Rd3+ 55. Kf2 Ke6 56. Rb6+ Rd6 57. Rb5 f6 58. Ke3 Ra6 59. Kf3 Ra3+ 60.
Kf2 Rd3 61. Ra5 Rd5 62. Ra8 Ke5 63. Rh8 Kf4 64. Rxh6 Rd2+ 65. Ke1 Rh2 66. Rxf6+
Kxg4 67. Ra6 Kxh5 68. Kf1 Kg4 69. Kg1 Rb2 70. Ra3 Kh4 71. Rc3 g4 72. Ra3 g3 73.
Ra8 Kh3 1/2-1/2

[Event "29th ECC Women 2025"]
[Site "Rhodes GRE"]
[Date "2025.10.25"]
[Round "7.4"]
[White "Paehtz, Elisabeth"]
[Black "Lu, Miaoyi"]
[Result "1/2-1/2"]
[WhiteTitle "GM"]
[BlackTitle "IM"]
[WhiteElo "2408"]
[BlackElo "2431"]
[WhiteTeam "Cercle d'échecs de Monte-Carlo"]
[BlackTeam "Turkish Airlines sports club"]
[WhiteFideId "4641833"]
[BlackFideId "8618020"]
[EventDate "2025.10.19"]

1. e4 e5 2. Nf3 Nc6 3. Nc3 Nf6 4. d4 exd4 5. Nxd4 Bb4 6. Nxc6 bxc6 7. Bd3 d5 8.
exd5 O-O 9. O-O Bg4 10. f3 Bh5 11. Bg5 cxd5 12. Bxf6 Qxf6 13. Nxd5 Qxb2 14. Rb1
Bc5+ 15. Kh1 Qe5 16. Re1 Qd6 17. Ne7+ Kh8 18. Qe2 Rad8 19. Qe4 Bg6 20. Nxg6+
fxg6 21. Qe5 Rb8 22. Rxb8 Rxb8 23. Qxd6 Bxd6 24. g3 g5 25. Kg2 g6 26. Bc4 Kg7
27. Bb3 a5 28. Re4 Rb4 29. Rxb4 Bxb4 30. Kf2 Kf6 31. Ke3 Ke5 32. Bg8 h5 33. Bf7
Bc5+ 34. Ke2 Kf6 35. Be8 Bg1 1/2-1/2

[Event "29th ECC Women 2025"]
[Site "Rhodes GRE"]
[Date "2025.10.25"]
[Round "7.5"]
[White "Injac, Teodora"]
[Black "Batsiashvili, Nino"]
[Result "1/2-1/2"]
[WhiteTitle "IM"]
[BlackTitle "GM"]
[WhiteElo "2436"]
[BlackElo "2469"]
[WhiteTeam "Sirmium Sremska Mitrovica"]
[BlackTeam "SuperChess"]
[WhiteFideId "932400"]
[BlackFideId "13602993"]
[EventDate "2025.10.19"]

1. d4 d5 2. c4 e6 3. Nf3 Nf6 4. g3 Bb4+ 5. Nbd2 O-O 6. Bg2 b6 7. O-O Bb7 8. b3
Nbd7 9. Bb2 a5 10. a3 Bd6 11. Ne5 Re8 12. Rc1 Qe7 13. cxd5 exd5 14. Ndc4 Ba6 15.
Nxd6 cxd6 16. Nxd7 Qxd7 17. Re1 h5 18. a4 h4 19. Qd2 Ne4 20. Qf4 g5 21. Qe3 Qf5
22. Qf3 Qg6 23. g4 b5 24. Rc6 bxa4 25. bxa4 Bc4 26. Qf5 Qxf5 27. gxf5 Rab8 28.
Ba1 Rec8 29. Rxc8+ Rxc8 30. Rc1 Re8 31. e3 Kg7 32. f3 Nd2 33. Bc3 Nb3 34. Re1
Rc8 35. Rb1 Kf6 36. Be1 Re8 37. e4 dxe4 38. fxe4 d5 39. exd5 Kxf5 40. d6 Rd8 41.
Bh3+ Kg6 42. d7 f5 43. Bf1 Bxf1 44. Kxf1 Rxd7 45. Rxb3 Rxd4 46. Ra3 Rd5 47. Ke2
Kh5 48. Bd2 f4 49. Rd3 Rc5 50. Rc3 Re5+ 51. Kf3 Rd5 52. Ke2 Re5+ 53. Kf3 Rd5 54.
Ke2 Re5+ 1/2-1/2

[Event "29th ECC Women 2025"]
[Site "Rhodes GRE"]
[Date "2025.10.25"]
[Round "7.6"]
[White "Wagner, Dinara"]
[Black "Garifullina, Leya"]
[Result "1/2-1/2"]
[WhiteTitle "IM"]
[BlackTitle "IM"]
[WhiteElo "2410"]
[BlackElo "2453"]
[WhiteTeam "SuperChess"]
[BlackTeam "Sirmium Sremska Mitrovica"]
[WhiteFideId "24157570"]
[BlackFideId "34127035"]
[EventDate "2025.10.19"]

1. d4 Nf6 2. g3 d5 3. Nf3 Bf5 4. c4 c6 5. Nc3 h6 6. Qb3 Qb6 7. c5 Qc7 8. Bf4 Qc8
9. Ne5 Nbd7 10. f3 Nxe5 11. Bxe5 Nd7 12. g4 Bh7 13. Bg3 e5 14. e3 Be7 15. Be2
O-O 16. O-O f5 17. gxf5 exd4 18. exd4 Bxf5 19. Ne4 Bh3 20. Rf2 Qd8 21. Nd6 Bxd6
22. Bxd6 Qg5+ 23. Kh1 Qh4 24. Kg1 Rf6 25. Bf1 b6 26. Bg3 Qh5 27. cxb6 axb6 28.
Re1 Bxf1 29. Rfxf1 Re8 30. Rxe8+ Qxe8 31. Re1 Re6 32. Rxe6 Qxe6 33. Qd3 c5 34.
dxc5 Nxc5 35. Qd4 Qc6 36. Bf2 Qg6+ 37. Qg4 Qb1+ 38. Kg2 Qxb2 39. Qc8+ Kh7 40.
Qf5+ Kh8 1/2-1/2

[Event "29th ECC Women 2025"]
[Site "Rhodes GRE"]
[Date "2025.10.25"]
[Round "7.7"]
[White "Salimova, Nurgyul"]
[Black "Fataliyeva, Ulviyya"]
[Result "1/2-1/2"]
[WhiteTitle "IM"]
[BlackTitle "IM"]
[WhiteElo "2385"]
[BlackElo "2410"]
[WhiteTeam "Sirmium Sremska Mitrovica"]
[BlackTeam "SuperChess"]
[WhiteFideId "2915138"]
[BlackFideId "13403052"]
[EventDate "2025.10.19"]

1. d4 d5 2. c4 e6 3. Nf3 Nf6 4. g3 Be7 5. Bg2 O-O 6. O-O dxc4 7. Qc2 a6 8. a4
Bd7 9. Rd1 Bc6 10. Bf4 Nd5 11. Bd2 b5 12. Nc3 Nd7 13. Ne4 h6 14. b3 f5 15. bxc4
bxc4 16. Nc5 Nxc5 17. dxc5 Bf6 18. Qxc4 Bxa1 19. Rxa1 Qf6 20. Rf1 Rad8 21. Ba5
Kh8 22. Nd4 Be8 23. e3 Bf7 24. Nc6 Rd7 25. Qxa6 e5 26. Qb5 Be8 27. Qb7 e4 28.
Nd4 Rd8 29. c6 Qd6 30. Bh3 Bg6 31. Nb5 Qc5 32. Bxc7 Nxc7 33. Qxc7 Rc8 34. Qd7
Rfd8 35. Qb7 Rxc6 36. Nd4 Rf6 37. Rb1 Bf7 38. Qb5 Rd5 39. Bf1 Qe7 40. Qb8+ Rd8
41. Qb5 Be8 42. Qa5 f4 43. Rb7 Rd7 44. Rxd7 Qxd7 45. Bb5 Qd5 46. Qc3 fxe3 47.
Qxe3 Bh5 48. Bf1 Bf3 49. a5 Qxa5 50. Nxf3 Rxf3 51. Qxe4 Rf8 52. Bd3 Qa1+ 53. Bb1
Kg8 54. Qe6+ Kh8 55. Qg6 Kg8 56. Qe6+ Kh8 57. Qg6 Kg8 58. Qe6+ Kh8 1/2-1/2